Convenio relativo al trabajo nocturno de las mujeres en la industria (Record no. 172775)

MARC details
000 -LEADER
campo de control de longitud fija 01154nam a22002415i 4500
001 - NÚMERO DE CONTROL
campo de control 172775
003 - IDENTIFICADOR DE NÚMERO DE CONTROL
campo de control ES-MaACL
005 - FECHA Y HORA DE LA ÚLTIMA TRANSACCIÓN
campo de control 20250831061531.0
008 - DATOS DE LONGITUD FIJA--INFORMACIÓN GENERAL
campo de control de longitud fija 090908s1932 sp |||| | spa d
245 00 - MENCIÓN DEL TÍTULO
Título Convenio relativo al trabajo nocturno de las mujeres en la industria
Resto del título : aprobado por la Conferencia Internacional del Trabajo en su I sesión, celebrada en Washington del 29 de octubre al 29 de noviembre de 1919 y ratificado por España el 29 de septiembre de 1932.
260 ## - PUBLICACIÓN, DISTRIBUCIÓN, ETC.
Lugar de publicación, distribución, etc. Madrid :
Nombre del editor, distribuidor, etc. [s.n.],
Fecha de publicación, distribución, etc. 1932 (
Fabricante Impr. del Ministerio de Estado)
300 ## - DESCRIPCIÓN FÍSICA
Extensión 14 p. ;
Dimensiones 24 cm.
490 1# - MENCIÓN DE SERIE
Mención de serie Publicaciones del Ministerio de Estado. Serie A: Acuerdos y convenios internacionales ;
Designación de volumen o secuencia 16
546 ## - NOTA DE IDIOMA
Nota de lengua/lenguaje Texto en español, francés e inglés.
594 ## - Nota al título y mención de responsabilidad
Nota al título y mención de responsabilidad Datos tomados de cub.
650 #7 - PUNTO DE ACCESO ADICIONAL DE MATERIA--TÉRMINO DE MATERIA
Término de materia o nombre geográfico como elemento de entrada Trabajo nocturno
Fuente del encabezamiento o término embne
9 (RLIN) 160965
650 00 - PUNTO DE ACCESO ADICIONAL DE MATERIA--TÉRMINO DE MATERIA
Término de materia o nombre geográfico como elemento de entrada Mujeres-
Subdivisión general Trabajo.
9 (RLIN) 15318
710 1# - ENTRADA AGREGADA--NOMBRE DE ENTIDAD CORPORATIVA
Nombre de entidad corporativa o nombre de jurisdicción como elemento de entrada España.
Unidad subordinada Ministerio de Estado.
9 (RLIN) 3866
711 2# - ENTRADA AGREGADA--NOMBRE DE REUNIÓN
Nombre de congreso/reunión o jurisdicción como elemento de entrada Conferencia Internacional del Trabajo (
Número del congreso/reunión o número de parte o sección 1ª.
Fecha del congreso o de la firma del tratado 1919.
Sede del congreso/Lugar de la reunión Washington)
9 (RLIN) 171582
830 10 - PUNTO DE ACCESO ADICIONAL DE SERIE-TÍTULO UNIFORME
Título uniforme Publicaciones del Ministerio de Estado
Designación de volumen o secuencia 16
9 (RLIN) 189119
852 ## - LOCALIZACIÓN
Ubicación ES-MaACL
Número de control de estantería 2299-F-32
Holdings
Estatus retirado Estado de pérdida Estado de daño No para préstamo Colección Biblioteca de origen Biblioteca actual Ubicación en estantería Fecha de adquisición Fuente de adquisición Total de préstamos Signatura topográfica completa Código de barras Visto por última vez Precio de reemplazo Tipo de ítem Koha
        Colección de folletos Biblioteca del Ateneo de Madrid Biblioteca del Ateneo de Madrid Depósito folletos 08/09/2009     2299-F-32 1181283 23/02/2023 23/02/2023 Folleto